Busiest Train stations in Shikoku - Statistics

General Stats
  • This quiz has been taken 80 times
  • The average score is 7 of 10
Answer Stats
Rank Average Daily Users Prefecture Station % Correct
2 8129 Tokushima Tokushima
96%
5 5270 Kochi Kochi
95%
3 6982 Ehime Matsuyama
95%
1 12965 Kagawa Takamatsu
95%
4 5355 Kagawa Sakaide
67%
7 2300 Ehime Imabari
65%
6 3965 Kagawa Marugame
58%
10 2019 Ehime Niihama
54%
9 2122 Kagawa Tadotsu
49%
8 2272 Kagawa Utazu
49%
No matching quizzes found
Score Distribution
Percent of People with Each Score
Percentile by Number Answered
Your Score History
You have not taken this quiz